Quản lý chất lượng dịch vụ mạng IP

Giới thiệu tổng quan về mô hình TCP/IP, đề cập đến sự ra đời và các khác niệm. TCP/IP là nền tảng cho mạng Internet, nói cách khác tìm hiểu về mô hình TCP/IP chính là tìm hiểu bản chất của mạng IP. Giới thiệu tổng quan về chất lượng dịch vụ, trình bày khái niệm QoS, với các thông số, các nguyên tắc...

Full beskrivning

Sparad:
Bibliografiska uppgifter
Huvudupphovsman: Nguyễn Ngọc Sỹ
Övriga upphovsmän: Nguyễn Thanh Tuấn (Hướng dẫn)
Materialtyp: Bok
Språk:Vietnamese
Publicerad: Đà Nẵng Đại học Sư phạm, Đại học Đà Nẵng 2013
Ämnen:
Taggar: Lägg till en tagg
Inga taggar, Lägg till första taggen!
Thư viện lưu trữ: Mạng thư viện Đại học Đà Nẵng
LEADER 02246nam a2200373 4500
001 000018422
003 14853
005 20131114091104.0
008 131104s2013 viesd
041 |a vie 
082 1 4 |a 004.62  |b NG-S 
100 1 |a Nguyễn Ngọc Sỹ 
245 1 |a Quản lý chất lượng dịch vụ mạng IP  |c Nguyễn Ngọc Sỹ ; Nguyễn Thanh Tuấn hướng dẫn  |k Khóa luận tốt nghiệp 
260 |a Đà Nẵng  |b Đại học Sư phạm, Đại học Đà Nẵng  |c 2013 
300 |a 54 tr.  |b mh.  |c 29 cm.  |e Bản tóm tắt 
500 |a Khóa luận tốt nghiệp đại học. Chuyên ngành: Cử nhân Công nghệ thông tin 
504 |a Mục lục đầu trang, tài liệu tham khảo tr. 73 - 74, phụ lục [13 tr.] 
520 |a Giới thiệu tổng quan về mô hình TCP/IP, đề cập đến sự ra đời và các khác niệm. TCP/IP là nền tảng cho mạng Internet, nói cách khác tìm hiểu về mô hình TCP/IP chính là tìm hiểu bản chất của mạng IP. Giới thiệu tổng quan về chất lượng dịch vụ, trình bày khái niệm QoS, với các thông số, các nguyên tắc với những đặc tính kỹ thuật của nó. Chất lượng dịch vụ QoS trong mạng IP. Sẽ đề cập đến các mô hình dịch vị phổ biến, các kỹ thuật đảm bảo chất lượng dịch. Mô hình bài lab QoS tôi sẽ làm trên phần mềm giả lập router GNS3 (Graphical Network Simulator) phiên bản 0.8.3.1. 
600 1 4 |b Vua  |c Đinh Tiên Hoàng 
650 0 4 |a Mạng IP  |v Khóa luận tốt nghiệp  |x Quản lý 
653 |a Mạng IP 
653 |a Khoa Tin học 
653 |a Quản lí mạng 
700 1 |a Nguyễn Thanh Tuấn  |e Hướng dẫn 
OWN |a LSP 
AVA |a UDN50  |b LSP  |d 004.62 NG-S  |e available  |t Error 5001 Not defined in file expand_doc_bib_avail.  |f 1  |g 0  |h N  |i 0  |k 1 
999 |a From the UDN01 
AVA |a UDN50  |b LSP  |d 004.62 NG-S  |e available  |t Error 5001 Not defined in file expand_doc_bib_avail.  |f 1  |g 0  |h N  |i 0  |k 1 
TYP |a Monograph 
TYP |a Printed language 
980 |a Mạng thư viện Đại học Đà Nẵng